[Event "Thessaloniki White Tower op-B 43rd"]
[Site "Thessaloniki"]
[Date "2023.01.08"]
[Round "9"]
[White "Margaritis, Ioannis M"]
[Black "Balafoutas, Dimitrios"]
[Result "1-0"]
[WhiteElo "1650"]
[BlackElo "1185"]
[PlyCount "77"]
[EventDate "2023.01.02"]
[EventType "swiss"]
[EventRounds "9"]
[EventCountry "GRE"]
[SourceTitle "CBM 212 Extra"]
[Source "ChessBase"]
[SourceDate "2023.03.31"]
[SourceVersion "1"]
[SourceVersionDate "2023.03.31"]
[SourceQuality "1"]

1. d4 d5 2. c4 e6 3. Nc3 Be7 4. cxd5 exd5 5. Bf4 c6 6. Nf3 Nf6 7. e3 0-0 8. Bd3 Re8 9. Qc2 h6 10. h3 Bb4 11. g4 Qe7 12. g5 Ne4 13. gxh6 g6 14. h4 f6 15. Ke2 Bxc3 16. bxc3 c5 17. Rag1 Bf5 18. Nd2 cxd4 19. Bxe4 dxe4 20. cxd4 Nc6 21. Qb3+ Kh7 22. Rb1 b6 23. Rhc1 Rac8 24. Nc4 Be6 25. Qb5 Red8 26. Ke1 Rd5 27. Qa4 Bd7 28. Qb3 Na5 29. Nxa5 Rxa5 30. Rxc8 Bxc8 31. Rc1 Be6 32. Qd1 Qb4+ 33. Kf1 Bc4+ 34. Kg2 Rxa2 35. Qg4 f5 36. Qg5 Qb3 37. Rxc4 Rxf2+ 38. Kxf2 Qb2+ 39. Kg3 1-0

[Event "GRE-ch U14"]
[Site "Thessaloniki"]
[Date "2022.08.20"]
[Round "4"]
[White "Balafoutas, Dimitrios"]
[Black "Seretis, Nikolaos G"]
[Result "1-0"]
[WhiteElo "1127"]
[BlackElo "1094"]
[PlyCount "117"]
[EventDate "2022.08.18"]
[EventType "swiss"]
[EventRounds "9"]
[EventCountry "GRE"]
[SourceTitle "EXT 2024"]
[Source "ChessBase"]
[SourceDate "2023.10.10"]
[SourceVersion "1"]
[SourceVersionDate "2023.10.10"]
[SourceQuality "1"]

1. e4 e5 2. Nf3 Nc6 3. Bc4 Bc5 4. d3 h6 5. c3 d6 6. 0-0 Bg4 7. Nbd2 Nf6 8. h3 Bh5 9. b4 Bb6 10. Qb3 0-0 11. a4 a5 12. b5 Nb8 13. Qc2 Nbd7 14. Ba3 Re8 15. Rfe1 Bc5 16. Bb2 Bg6 17. Nf1 Nh5 18. Bc1 Nf8 19. Ne3 Bxe3 20. Bxe3 Ne6 21. Bxe6 Rxe6 22. Qb3 Qf6 23. Qd5 Rb8 24. d4 Nf4 25. Bxf4 Qxf4 26. dxe5 dxe5 27. Re3 Qf6 28. c4 Qe7 29. c5 b6 30. cxb6 cxb6 31. Rd1 Qb4 32. Nxe5 Qxa4 33. Nxg6 Rxg6 34. Rf3 Rf8 35. Rdd3 Rg5 36. Rf5 Rxf5 37. Qxf5 Re8 38. Rd7 Qa1+ 39. Kh2 Qe5+ 40. f4 Qxf5 41. exf5 Rb8 42. Rd4 Kf8 43. g4 Ke7 44. Kg3 Rd8 45. Re4+ Kf8 46. Re5 Rd3+ 47. Kg2 a4 48. Re4 a3 49. Ra4 Rb3 50. h4 Rb2+ 51. Kf3 a2 52. Ke3 Ke7 53. Kd3 Kd6 54. Kc3 Rh2 55. Kb3 Kc5 56. Rxa2 Rxa2 57. Kxa2 Kxb5 58. g5 Kc4 59. f6 1-0

[Event "GRE-chT Online Rapid op 1st"]
[Site "Tornelo INT"]
[Date "2021.02.20"]
[Round "1.9"]
[White "Balafoutas, Dimitrios"]
[Black "Rousis, Mihail"]
[Result "0-1"]
[WhiteElo "1133"]
[BlackElo "2046"]
[PlyCount "84"]
[EventDate "2021.02.20"]
[EventType "team-swiss (rapid)"]
[EventRounds "9"]
[EventCountry "GRE"]
[SourceTitle "EXT 2023"]
[Source "ChessBase"]
[SourceDate "2022.10.05"]
[SourceVersion "1"]
[SourceVersionDate "2022.10.05"]
[SourceQuality "1"]

1. e4 g6 2. d4 Nf6 3. Nc3 d5 4. e5 Ne4 5. Nxe4 dxe4 6. c3 Bg7 7. Qc2 Bf5 8. Be3 0-0 9. Bc4 c5 10. Ne2 Nc6 11. 0-0 Na5 12. Bb3 cxd4 13. cxd4 Rc8 14. Qd2 Nxb3 15. axb3 a6 16. Nc3 Qb6 17. Qc2 Rfd8 18. d5 Qc7 19. e6 fxe6 20. dxe6 Bxc3 21. bxc3 Qxc3 22. Qa2 Bxe6 23. Rab1 Qb4 24. Bg5 Rd3 25. Rfe1 Bf7 26. Rbc1 Rxc1 27. Rxc1 Rc3 28. Rd1 Rc8 29. Rb1 Qc5 30. Be3 Qc2 31. Qa1 Qc3 32. Qa3 Qe5 33. h3 Qd6 34. Qb2 e5 35. Qe2 Qd3 36. Qb2 Rc3 37. b4 Rb3 38. Qxe5 Rxb1+ 39. Kh2 Qd5 40. Qb8+ Kg7 41. Bc5 g5 42. Qf8+ Kg6 0-1

[Event "GRE-ch Online Rapid op 1st"]
[Site "Tornelo INT"]
[Date "2021.02.06"]
[Round "8"]
[White "Balafoutas, Dimitrios"]
[Black "Papageorgiou, Vasileios Riginos"]
[Result "1-0"]
[WhiteElo "1030"]
[BlackElo "1159"]
[PlyCount "157"]
[EventDate "2021.02.06"]
[EventType "swiss (rapid)"]
[EventRounds "8"]
[EventCountry "GRE"]
[SourceTitle "EXT 2023"]
[Source "ChessBase"]
[SourceDate "2022.10.05"]
[SourceVersion "1"]
[SourceVersionDate "2022.10.05"]
[SourceQuality "1"]

1. e4 e5 2. Nf3 Nf6 3. Nxe5 Nc6 4. Nxc6 dxc6 5. e5 Nd7 6. d4 c5 7. c3 Nb6 8. Be2 Be7 9. 0-0 cxd4 10. cxd4 Bg5 11. Bxg5 Qxg5 12. Nc3 0-0 13. Bf3 c6 14. Qd3 Bf5 15. Be4 Bxe4 16. Nxe4 Qg6 17. Rfe1 Nd5 18. Qb3 b6 19. Rac1 Nf4 20. Qf3 Ne6 21. Qe3 Nc7 22. Nd6 Nd5 23. Qe4 Qg5 24. Rxc6 Nb4 25. Rc4 a5 26. a3 Na6 27. Qc6 Qd2 28. Rb1 Qd3 29. Rbc1 Qb3 30. Nb5 Qxb2 31. Qxb6 h6 32. Qxa5 Rfb8 33. Nd6 Nb4 34. Qc7 Nd3 35. Qxf7+ Kh8 36. Nf5 Rg8 37. Rd1 Qxf2+ 38. Kh1 Raf8 39. Qg6 Rxf5 40. h3 Rg5 41. Qe4 Nb2 42. Rc2 Qf8 43. Rxb2 Qxa3 44. Rf2 Qb3 45. Rdf1 Qb4 46. h4 Rh5 47. Qg4 g6 48. Rf6 Qb5 49. Kg1 Qe8 50. Qf4 Rf5 51. Rxf5 gxf5 52. Qxf5 Qc6 53. Qf3 Qb6 54. Rd1 Qg6 55. Qf6+ Qxf6 56. exf6 Rf8 57. Rf1 Kg8 58. d5 Kf7 59. d6 Ke8 60. g4 Kd7 61. g5 hxg5 62. hxg5 Kxd6 63. g6 Ke6 64. g7 Rg8 65. Kh2 Kf7 66. Kg3 Ra8 67. Kh4 Ra4+ 68. Kh5 Re4 69. Rg1 Re8 70. g8Q+ Rxg8 71. Rxg8 Kxg8 72. Kg6 Kf8 73. f7 Ke7 74. Kg7 Ke6 75. f8Q Ke5 76. Qf7 Ke4 77. Qf6 Kd5 78. Kg6 Ke4 79. Qg5 1-0

[Event "GRE-ch Online Rapid op 1st"]
[Site "Tornelo INT"]
[Date "2021.02.06"]
[Round "1"]
[White "Kanellis, Nikolaos"]
[Black "Balafoutas, Dimitrios"]
[Result "1-0"]
[WhiteElo "1612"]
[BlackElo "1030"]
[PlyCount "109"]
[EventDate "2021.02.06"]
[EventType "swiss (rapid)"]
[EventRounds "8"]
[EventCountry "GRE"]
[SourceTitle "EXT 2023"]
[Source "ChessBase"]
[SourceDate "2022.10.05"]
[SourceVersion "1"]
[SourceVersionDate "2022.10.05"]
[SourceQuality "1"]

1. e4 c5 2. Nf3 d6 3. Bb5+ Bd7 4. Bxd7+ Qxd7 5. Nc3 Nf6 6. d3 Nc6 7. 0-0 e6 8. Re1 Be7 9. h3 0-0 10. Bf4 Rfe8 11. Bh2 d5 12. e5 Nh5 13. g4 d4 14. Ne4 f5 15. Ned2 fxg4 16. hxg4 Rf8 17. gxh5 Qe8 18. Ne4 Qxh5 19. Nfd2 Qf5 20. f4 Qg6+ 21. Kh1 Qh6 22. Qg4 Nxe5 23. fxe5 Bh4 24. Rg1 Rae8 25. Rg2 Rf7 26. Rag1 Ref8 27. Nf6+ Bxf6 28. exf6 Qxf6 29. Ne4 Qd8 30. Be5 g6 31. Nf6+ Rxf6 32. Bxf6 Rxf6 33. Qg3 Qa5 34. Rf2 Rxf2 35. Qxf2 Kg7 36. Rf1 Qd8 37. Qf7+ Kh6 38. Qf8+ Qxf8 39. Rxf8 g5 40. Rf7 g4 41. Rxb7 Kg5 42. Rxa7 h5 43. Rc7 Kf4 44. Kg2 h4 45. Rh7 h3+ 46. Kg1 Kf3 47. a4 Kg3 48. a5 Kf3 49. a6 e5 50. a7 e4 51. a8Q h2+ 52. Rxh2 Kg3 53. Qb8+ Kf3 54. Rf2+ Ke3 55. Qf4# 1-0